"Chata je zvláštny fenomén-"

Bibliographic Details
Format: Article
Language:Slovak
PhysicalDescription:Obr.
Subjects:

MARC

LEADER 00000cab a2200000 ar4500
001 vtls009164999
003 SK-MaSNL
005 20260303204117.0
008 180907c2007 xo wr|p|||||||000 b|slo
038 |a PPPK 
040 |a PPPKCL  |b slo  |c PPPKCL  |e AACR2 
041 0 |a slo 
044 |a xo  |c SK 
080 |a 728.538  |x (234.372.4)  |x (091)  |2 2001 
245 0 0 |a "Chata je zvláštny fenomén-"  |c [autor] (mna) 
300 |b Obr. 
600 1 7 |a Bohuš, Ivan,  |d 1957-  |t Tatranské chaty - Majáky v mori skál a snehu  |2 pppkcl  |9 1236780 
650 0 7 |a horské chaty  |x dejiny  |2 pppkcl  |9 347433 
651 7 |a Vysoké Tatry (Poľsko a Slovensko : pohorie)  |2 SNKPHgeo  |9 67729 
655 7 |a recenzie  |2 pppkcl  |9 21907 
655 7 |a monografie  |2 pppkcl  |9 70139 
773 0 |t Podtatranské noviny  |g Roč. XLVIII, č. 28 (2007), s. 5 
852 |a PPPK  |b KIS3GCP 
999 |c 2188513  |d 2190443